000 00337nam a22001457a 4500
003 OSt
005 20220124135449.0
008 220124b |||||||| |||| 00| 0 eng d
020 _a0750656433
040 _cHU
082 _a620.11
100 _aPhilip M.
_928440
245 _aTechnology of Engineering Materials
942 _2ddc
_cBOOKS
_n0
999 _c27623
_d27623